Cultural seeds : essays on the work of Nick Cave /

Bibliographic Details
Other Authors: Welberry, Karen, Dalziell, Tanya, 1973-
Format: Book
Language:English
Published: Farnham, England ; Burlington, VT : Ashgate, [2009]
Series:Ashgate popular and folk music series.
Subjects:

MARC

Tag First Indicator Second Indicator Subfields
LEADER 00000cam a22000004a 4500
001 in00002476216
005 20151111044023.0
008 080919s2009 enk b 001 0 eng
010 |a  2008041393 
020 |a 9780754663959 (hardcover : alk. paper) 
020 |a 0754663957 (hardcover : alk. paper) 
029 1 |a BWK  |b L6819827 
035 |a (OCoLC)ocn256534608 
035 |a (OCoLC)256534608 
040 |a DLC  |c DLC  |d BTCTA  |d YDXCP  |d BWKUK  |d BWK  |d UtOrBLW 
049 |a TXAM 
050 0 0 |a ML420.C39  |b C85 2009 
082 0 0 |a 782.42166092  |2 22 
082 0 4 |a 780.92 
245 0 0 |a Cultural seeds :  |b essays on the work of Nick Cave /  |c edited by Karen Welberry and Tanya Dalziell. 
264 1 |a Farnham, England ;  |a Burlington, VT :  |b Ashgate,  |c [2009] 
264 4 |c ©2009 
300 |a ix, 216 pages ;  |c 25 cm. 
336 |a text  |b txt  |2 rdacontent 
337 |a unmediated  |b n  |2 rdamedia 
338 |a volume  |b nc  |2 rdacarrier 
490 1 |a Ashgate popular and folk music series 
504 |a Includes bibliographical references and index. 
600 1 0 |a Cave, Nick,  |d 1957-  |x Criticism and interpretation. 
650 0 |a Rock music  |x Social aspects. 
700 1 |a Welberry, Karen. 
700 1 |a Dalziell, Tanya,  |d 1973- 
830 0 |a Ashgate popular and folk music series. 
938 |a Baker and Taylor  |b BTCP  |n BK0008113629 
938 |a YBP Library Services  |b YANK  |n 100513775 
938 |a Blackwell Book Service UK  |b BBUK  |n L6819827  |c 50.00 
945 |a PromptCat  |b 758961 
946 |a stk 
947 |a A14839928478 
994 |a 92  |b TXA 
948 |a cataloged  |b h  |d 2009/8/5  |h c  |e asalazar  |f 3:42:51 pm 
999 |a MARS 
999 f f |s 0978066a-aa9e-3e75-b5d1-4be2cda56ae3  |i 92e05f71-0ece-3ff9-8d39-b0e5c3c3a0e9  |t 0 
952 f f |p ric  |a Texas A&M University  |b Rellis Campus  |c Joint Library Facility  |d Remote Storage  |t 0  |e ML420.C39 C85 2009  |h Library of Congress classification  |i unmediated -- volume  |m A14839928478 
998 f f |a ML420.C39 C85 2009  |t 0  |l Remote Storage